000 00665nam a2200217 i 4500
001 169803
003 ES-MaACL
005 20250809070335.0
008 081201s1972 fr |||| | fre d
017 _aNº837, 3e trimestre 1972
080 _a821.133.1-31"18"
100 1 _aLouys, Pierre.
_9139378
245 1 3 _aLa femme et le pantin /
_cPierre Louÿs.
260 _a[Paris] :
_bAlbin Michel,
_c1972.
300 _a182 p. ;
_c17 cm.
490 1 _aLe livre de poche ;
_v398
500 _aÍndice.
830 0 3 _aLe livre de poche
_v398
_9179656
852 4 _aES-MaACL
_jE-12295
_9R.190483
_z- Biblioteca Jacinto Martínez Lacalle
999 _c169803
_d169803